000 00855nam a2200181 i 4500
001 154569
003 ES-MaACL
005 20230906205800.0
008 040714s1848 sp |||| | spa d
080 _a373.512.14(460)
100 1 _aGonzález de Soto, Julián.
_9127447
245 1 0 _aDiscurso en que se prueba que la enseñanza secundaria debe abrazar simultáneamente muchos y variados elementos
_b: leído el 29 de junio de 1848 al dar principio a los exámenes del Colegio Politécnico /
_cpor Julián González de Soto.
260 _aMadrid :
_b[s.n.],
_c[1848?] (
_fImp. de José María Alonso)
300 _a19, [4] p. ;
_c21 cm.
650 0 4 _aEnseñanza secundaria-
_zEspaña-
_yS.XIX.
_912315
710 2 _aColegio Politécnico (Madrid)
_9166969
852 _aES-MaACL
_jT-31-F-17
_z- Enc. hol., falto de cub. original
_z- Enc. en un vol. facticio
999 _c154569
_d154569